[Event "Cocquio Trevisago op 15th"]
[Site "Cocquio Trevisago"]
[Date "2002.10.27"]
[Round "5"]
[White "Bernasconi, Fabio"]
[Black "De Francisci, Lorenzo"]
[Result "1/2-1/2"]
[WhiteElo "1594"]
[BlackElo "1654"]
[PlyCount "40"]
[EventDate "2002.10.19"]
[EventType "swiss"]
[EventRounds "6"]
[EventCountry "ITA"]
[SourceTitle "EXT 2024"]
[Source "ChessBase"]
[SourceDate "2023.10.10"]
[SourceVersion "1"]
[SourceVersionDate "2023.10.10"]
[SourceQuality "1"]

1. d4 d5 2. c4 dxc4 3. e3 c5 4. Bxc4 cxd4 5. exd4 e6 6. Nf3 Nf6 7. 0-0 Be7 8. Nc3 a6 9. a4 0-0 10. Bg5 Nc6 11. Rc1 Bd7 12. Ba2 Nb4 13. Bb1 Bc6 14. Ne5 Rc8 15. h3 Nfd5 16. Bd2 Qb6 17. Qg4 Nf6 18. Qh4 Rfe8 19. Rfd1 Ne4 20. Qf4 Nf6 1/2-1/2

[Event "Cocquio Trevisago op 15th"]
[Site "Cocquio Trevisago"]
[Date "2002.10.20"]
[Round "3"]
[White "Pedetti, Roberto"]
[Black "De Francisci, Lorenzo"]
[Result "1/2-1/2"]
[WhiteElo "1488"]
[BlackElo "1654"]
[PlyCount "120"]
[EventDate "2002.10.19"]
[EventType "swiss"]
[EventRounds "6"]
[EventCountry "ITA"]
[SourceTitle "EXT 2024"]
[Source "ChessBase"]
[SourceDate "2023.10.10"]
[SourceVersion "1"]
[SourceVersionDate "2023.10.10"]
[SourceQuality "1"]

1. c4 e5 2. Nc3 Nf6 3. e4 d6 4. d3 Be7 5. Be2 0-0 6. Nf3 Bg4 7. Ng5 Bxe2 8. Nxe2 h6 9. Nh3 Kh7 10. 0-0 g5 11. f3 Nh5 12. Nf2 Nf4 13. g3 Nxe2+ 14. Qxe2 Nc6 15. Be3 f5 16. exf5 Rxf5 17. g4 Rf7 18. Ne4 d5 19. Nd2 Nd4 20. Bxd4 exd4 21. cxd5 Qxd5 22. Qe4+ Qxe4 23. fxe4 Raf8 24. Rxf7+ Rxf7 25. Rf1 Rf4 26. Rxf4 gxf4 27. Kf2 Kg6 28. Kf3 c5 29. b3 b5 30. a4 bxa4 31. bxa4 Kg5 32. Nc4 Bd8 33. Ne5 Bc7 34. Nc6 a6 35. Ne7 Be5 36. Nc6 Bc7 37. h3 Kf6 38. h4 Ke6 39. g5 hxg5 40. hxg5 Kd7 41. g6 Ke8 42. e5 Kf8 43. Kxf4 Kg7 44. Kf5 c4 45. Nxd4 cxd3 46. Nb3 Ba5 47. Ke6 Kxg6 48. Kd7 d2 49. Nxd2 Bxd2 50. e6 Bb4 51. e7 Bxe7 52. Kxe7 a5 53. Ke6 Kg7 54. Ke7 Kg6 55. Kd6 Kf7 56. Kd7 Kf6 57. Kc6 Ke6 58. Kb6 Kd7 59. Kb7 Kd8 60. Ka6 Kc8 1/2-1/2